Niederländisch die Farben lernen - Statistiken

Allgemein
  • Dieses Quiz wurde 20 mal gespielt
  • Das Durchschnittsergebnis liegt bei 7 aus 14
Antwortstatistiken
Deutsch Niederländisch % Korrekt
Rot Rood
88%
Blau Blauw
76%
Grün Groen
76%
Orange Oranje
76%
Weiß Wit
76%
Schwarz Zwart
71%
Gelb Geel
65%
Braun Bruin
41%
Grau Grijs
35%
Rosa Roze
24%
Dunkelblau Donkerblauw
18%
Lila Paars
18%
Hellblau Lichtblauw
12%
Türkis Turquoise
0%
Keine übereinstimmenden Quizze gefunden
Verteilung der Resultate
Anzahl Personen mit jedem Resultat
Perzentil nach korrekt beantworteten Fragen
Ihre Resultats-Entwicklung
Sie haben dieses Quiz noch nicht gespielt